Perdjandjian persahabatan Indonesia-Pakistan, (Record no. 70516)

MARC details
000 -LEADER
fixed length control field 00769cam a22002531 4500
001 - CONTROL NUMBER
control field sa 66006432
003 - CONTROL NUMBER IDENTIFIER
control field DLC
005 - DATE AND TIME OF LATEST TRANSACTION
control field 20260227112256.0
008 - FIXED-LENGTH DATA ELEMENTS--GENERAL INFORMATION
fixed length control field 890318s1951 io ab 000 0 ind
010 ## - LIBRARY OF CONGRESS CONTROL NUMBER
LC control number sa 66006432
035 ## - SYSTEM CONTROL NUMBER
System control number (OCoLC)23563193
040 ## - CATALOGING SOURCE
Original cataloging agency DLC
Transcribing agency MiU
Modifying agency DLC
042 ## - AUTHENTICATION CODE
Authentication code premarc
043 ## - GEOGRAPHIC AREA CODE
Geographic area code a-io---
-- a-pk---
050 00 - LIBRARY OF CONGRESS CALL NUMBER
Classification number JX937 1951
Item number .A53
110 1# - MAIN ENTRY--CORPORATE NAME
Corporate name or jurisdiction name as entry element Indonesia.
245 10 - TITLE STATEMENT
Title Perdjandjian persahabatan Indonesia-Pakistan,
Statement of responsibility, etc. disusun oleh Nurdjana Sutardjo.
260 ## - PUBLICATION, DISTRIBUTION, ETC.
Place of publication, distribution, etc. Djakarta,
Name of publisher, distributor, etc. Endang
Date of publication, distribution, etc. [1951?]
300 ## - PHYSICAL DESCRIPTION
Extent 27 p.
Other physical details illus., map. 16 cm
651 #0 - SUBJECT ADDED ENTRY--GEOGRAPHIC NAME
Geographic name Indonesia
General subdivision Foreign relations
Geographic subdivision Pakistan.
651 #0 - SUBJECT ADDED ENTRY--GEOGRAPHIC NAME
Geographic name Pakistan
General subdivision Foreign relations
Geographic subdivision Indonesia.
700 1# - ADDED ENTRY--PERSONAL NAME
Personal name Sutardjo, Nurdjana,
Relator term ed.
710 1# - ADDED ENTRY--CORPORATE NAME
Corporate name or jurisdiction name as entry element Pakistan.
Form subheading Treaties, etc.,
Date of meeting or treaty signing 1951.

No items available.

Powered by Koha